1947 1146 1615 1925 1745 1402 1637 1282 1394 1552 1735 1502 1140 1671 1449 1292 1029 1701 1836 1308 1698 1651 1474 1598 1267 1420 1201 1372 1426 1109 1003 1270 1840 1677 1596 1256 1695 1628 1841 1036 1375 1111 1379 1919 1526 1680 1429 1563 1921 1944 1223 1810 1107 1086 1664 1056 1581 1616 1651 1766 1562 1708 1395 1259 1509 1833 1403 1650 1080 1460 1860 1783 1685 1400 1933 1513 1611 1484 1490 1322 1947 1732 1797 1862 1118 1622 1838 1418 1803 1858 1984 1229 1591 1601 1457 1080 1078 1755 1193 BCNSPRNW ULIB Ver.6.0+V

เปลี่ยนเป็นภาษาไทย

Change to English
 แสดงรายละเอียดบรรณานุกรม
  กลับหน้าหลัก

Brief Record : Get Marc (ISO 2709) : E-mail record : QR code < ปิดหน้าต่าง
LEADER : 00000nam a2200000Ia 4500
001    13399126766
003     ULIB
008    180611s2561 th a b 001 0 tha d
020    ^a9786165071093
040    ^abrv
050  4 ^aBF698.3^bศ243ท
100 0  ^aศรีเรือน แก้วกังวาล
245 10 ^aทฤษฎีจิตวิทยาบุคลิกภาพ :^bรู้เรา รู้เขา /^cศรีเรือน แก้วกังวาล
246 30 ^aรู้เรา รู้เขา
250    ^aพิมพ์ครั้งที่ 17
260    ^aกรุงเทพฯ :^bหมอชาวบ้าน,^c2561
300    ^a554 หน้า :^bภาพประกอบ ;^c21 ซม.
504    ^aมีบรรณานุกรมและดัชนี
650  0 ^aHumanistic psychology
650  4 ^aการดำเนินชีวิต
650  4 ^aการปรับตัว (จิตวิทยา)
650  4 ^aจิตวิทยา
650  4 ^aบุคลิกภาพ
650  4 ^aบุคลิกภาพ^xจิตวิทยา
945    ^p380^l0^i27166
945    ^p380^l0^i27167
995    ^aกัณชพร จุลอักษร
999    ^aกัณชพร
รายการนี้ยังไม่มีแท็ก
คุณยังไม่ได้ล็อกอิน คุณสามารถมีกิจกรรมร่วมกับเว็บไซต์ได้ แต่ต้องล็อกอินก่อน ::
  ล็อกอิน

รายการสื่อสารสนเทศ

ลำดับที่ ประเภท เลขเรียก/บาร์โค้ด สถานที่ สถานะ
1. หนังสือสำรอง
หนังสือสำรอง
BF698.3 ศ243ท ฉ.1 
  Barcode: 27166
ห้องสมุดวิทยาเขตนครสวรรค์
►หนังสือทั่วไป:l:General Books
บนชั้น
2. วิทยาศาสตร์การแพทย์ และสุขภาพ
วิทยาศาสตร์การแพทย์ และสุขภาพ
BF698.3 ศ243ท ฉ.2 
  Barcode: 27167
ห้องสมุดวิทยาเขตนครสวรรค์
►หนังสือทั่วไป:l:General Books
บนชั้น

รายการใกล้เคียง
    ผู้แต่ง [ศรีเรือน แก้วกังวาล]

    หัวเรื่อง [Humanistic psychology]
    หัวเรื่อง [การดำเนินชีวิต]
    หัวเรื่อง [การปรับตัว (จิตวิทยา)]
    หัวเรื่อง [จิตวิทยา]
    หัวเรื่อง [บุคลิกภาพ]

BibComment


ยังไม่เคยถูกคอมเมนท์

คอมเมนท์ทรัพยากรรายการนี้
  คอมเมนท์: ทฤษฎีจิตวิทยาบุค..


 Copyright 2026. Bcnsprnw @Library